000 00316nam a2200109 4500
999 _c9613
_d9613
008 180712b ||||| |||| 00| 0 eng d
245 _aDSWD offers cash aid delivery to elders.
260 _aPhillippines
_bPhilippine Daily Inquirer
_cc2016
300 _apage A11.
650 0 _928546
_aPublic welfare.
942 _2ddc
_cPER